Personnages de Brawl Stars - Statistiques

Statistiques générales
  • Ce quiz a été pris 11 fois
  • Le résultat moyen est 43 sur 99
Statistiques - réponses
Rareté Noms % Correct
Premier Brawler Shelly
100%
Légendaire Corbac
90%
Rare Colt
80%
Ultra Légendaire Kaze
80%
Légendaire Kenji
80%
Super rare Penny
80%
Légendaire Spike
80%
Rare Bull
70%
Epique Edgar
70%
Rare El Costo
70%
Légendaire Kit
70%
Légendaire Léon
70%
Légendaire Meg
70%
Mythique Mortis
70%
Rare Poco
70%
Super rare Ricochet
70%
Légendaire Ambre
60%
Epique Billie
60%
Rare Brock
60%
Légendaire Chester
60%
Super rare Darryl
60%
Mythique D’jinn
60%
Légendaire Émeri
60%
Epique Griff
60%
Rare Rosa
60%
Mythique Tara
60%
Super rare A.R.K.A.D.
50%
Rare Bartaba
50%
Légendaire Cordelius
50%
Super rare Dynamike
50%
Epique Eliz@
50%
Epique Gaël
50%
Super rare Jessie
50%
Rare Nita
50%
Epique Pam
50%
Epique Polly
50%
Epique Sam
50%
Légendaire Surge
50%
Epique Trunk
50%
Epique Belle
40%
Epique Bo
40%
Mythique Buzz
40%
Mythique Byron
40%
Super rare Carl
40%
Légendaire Draco
40%
Mythique Eve
40%
Mythique Fang
40%
Epique Frank
40%
Super rare Gus
40%
Super rare Jacky
40%
Mythique Jae-Yong
40%
Epique Larry & Lawrie
40%
Mythique Lily
40%
Mythique Max
40%
Epique Meeple
40%
Mythique Mico
40%
Légendaire Pierce
40%
Epique Stu
40%
Super rare Tick
40%
Mythique Wally
40%
Mythique Alli
30%
Epique Angelo
30%
Epique Ash
30%
Epique Béa
30%
Epique Bonnie
30%
Mythique Charlie
30%
Mythique Clancy
30%
Epique Colette
30%
Mythique Doug
30%
Mythique Finx
30%
Mythique Gigi
30%
Mythique Gray
30%
Epique Grom
30%
Mythique Janet
30%
Mythique Lumi
30%
Mythique Médor
30%
Mythique Melody
30%
Mythique Mina
30%
Mythique Otis
30%
Mythique R-T
30%
Mythique Willow
30%
Epique Berry
20%
Mythique Buster
20%
Mythique Chuck
20%
Mythique Glowbert
20%
Epique Hank
20%
Mythique Juju
20%
Epique Lola
20%
Mythique Lou
20%
Epique Maisie
20%
Epique Mandy
20%
Mythique Moe
20%
Mythique Monsieur M.
20%
Epique Nani
20%
Mythique Ollie
20%
Epique Pearl
20%
Epique Shade
20%
Mythique Squeak
20%
Mythique Ziggy
20%
Aucun quiz correspondant
Distribution des résultats
% des personnes avec chaque résultat
Percentile par nombre de réponses
Votre historique - résultats
Vous n’avez pas pris ce quiz